Meyaldut ve-genikologyah. (Record no. 32786)

MARC details
000 -LEADER
fixed length control field 00514cam a22002171 4500
001 - CONTROL NUMBER
control field he 67002379
003 - CONTROL NUMBER IDENTIFIER
control field DLC
005 - DATE AND TIME OF LATEST TRANSACTION
control field 20260227111451.0
008 - FIXED-LENGTH DATA ELEMENTS--GENERAL INFORMATION
fixed length control field 810920s1966 xx 000 0 heb
010 ## - LIBRARY OF CONGRESS CONTROL NUMBER
LC control number he 67002379
035 ## - SYSTEM CONTROL NUMBER
System control number (OCoLC)14618968
040 ## - CATALOGING SOURCE
Original cataloging agency DLC
Transcribing agency DNLM
Modifying agency DLC
042 ## - AUTHENTICATION CODE
Authentication code premarc
050 00 - LIBRARY OF CONGRESS CALL NUMBER
Classification number RG101
Item number .S443
060 0# - NATIONAL LIBRARY OF MEDICINE CALL NUMBER
Classification number WP 100
Item number S527m 1967
100 1# - MAIN ENTRY--PERSONAL NAME
Personal name Shani, Mordechai.
245 10 - TITLE STATEMENT
Title Meyaldut ve-genikologyah.
260 ## - PUBLICATION, DISTRIBUTION, ETC.
Date of publication, distribution, etc. [1966 or 7]
300 ## - PHYSICAL DESCRIPTION
Extent 154 p.
500 ## - GENERAL NOTE
General note Cover title.

No items available.

Powered by Koha